[Event "SEMI 10-Fance Echecs 2 email"]
[Site "SEMI email"]
[Date "2001.05.02"]
[Round "?"]
[White "Noach, Loic"]
[Black "Doktor, Pavel"]
[Result "0-1"]
[WhiteElo "1880"]
[BlackElo "2200"]
[PlyCount "40"]
[EventDate "2001.??.??"]
[EventType "team-swiss (corr)"]
[EventRounds "5"]
[EventCountry "ITA"]
[SourceTitle "Corr 2004"]
[Source "ChessBase"]
[SourceDate "2003.04.28"]
[SourceVersion "3"]
[SourceVersionDate "2003.04.28"]
[SourceQuality "1"]
[WhiteTeam "France Echecs-2"]
[BlackTeam "SEMI-10"]
[WhiteTeamCountry "FRA"]
[BlackTeamCountry "ITA"]

1. e4 e6 2. d4 d5 3. Nc3 Bb4 4. Bd2 dxe4 5. Qg4 Qxd4 6. 0-0-0 Nd7 7. Be3 Qf6 8. Bd4 Qh6+ 9. Be3 Ngf6 10. Qg3 Qg6 11. Qxc7 Bxc3 12. Qxc3 Nd5 13. Qa3 Nxe3 14. fxe3 Qg5 15. Nh3 Qc5 16. Qb3 0-0 17. Bb5 Nf6 18. Rd4 e5 19. Rd2 Be6 20. Qa4 Qxe3 0-1